<?xml version="1.0" encoding="UTF-8"?>
<record
    xmlns:xsi="http://www.w3.org/2001/XMLSchema-instance"
    xsi:schemaLocation="http://www.loc.gov/MARC21/slim http://www.loc.gov/standards/marcxml/schema/MARC21slim.xsd"
    xmlns="http://www.loc.gov/MARC21/slim">

  <leader>00541nam a2200217   4500</leader>
  <controlfield tag="005">20141021092226.0</controlfield>
  <controlfield tag="007">000</controlfield>
  <controlfield tag="008">000</controlfield>
  <datafield tag="020" ind1=" " ind2=" ">
    <subfield code="a">0706927605</subfield>
  </datafield>
  <datafield tag="040" ind1=" " ind2=" ">
    <subfield code="a">UOEL</subfield>
  </datafield>
  <datafield tag="050" ind1=" " ind2=" ">
    <subfield code="a">QC157</subfield>
    <subfield code="b">.S9 1985</subfield>
  </datafield>
  <datafield tag="100" ind1=" " ind2=" ">
    <subfield code="a">Subrahmanyam, N.</subfield>
  </datafield>
  <datafield tag="245" ind1=" " ind2=" ">
    <subfield code="a">Waves and oscillations /</subfield>
    <subfield code="c">N. Subrahmanyam, Brij Lal</subfield>
  </datafield>
  <datafield tag="260" ind1=" " ind2=" ">
    <subfield code="a">New Delhi ;</subfield>
    <subfield code="b">Vani Educational Books ,</subfield>
    <subfield code="c">c1985.</subfield>
  </datafield>
  <datafield tag="300" ind1=" " ind2=" ">
    <subfield code="a">xii, 352 p. :</subfield>
    <subfield code="b">ill.</subfield>
  </datafield>
  <datafield tag="500" ind1=" " ind2=" ">
    <subfield code="a">Includes index</subfield>
  </datafield>
  <datafield tag="650" ind1=" " ind2=" ">
    <subfield code="a">Waves</subfield>
    <subfield code="x">Physics</subfield>
  </datafield>
  <datafield tag="650" ind1=" " ind2=" ">
    <subfield code="a">Oscillation</subfield>
    <subfield code="x">Physics</subfield>
  </datafield>
  <datafield tag="700" ind1=" " ind2=" ">
    <subfield code="a">Lal, Brij</subfield>
  </datafield>
  <datafield tag="942" ind1=" " ind2=" ">
    <subfield code="2">lcc</subfield>
    <subfield code="c">SL2</subfield>
  </datafield>
  <datafield tag="999" ind1=" " ind2=" ">
    <subfield code="c">879</subfield>
    <subfield code="d">879</subfield>
  </datafield>
  <datafield tag="952" ind1=" " ind2=" ">
    <subfield code="0">0</subfield>
    <subfield code="1">0</subfield>
    <subfield code="2">lcc</subfield>
    <subfield code="4">0</subfield>
    <subfield code="7">0</subfield>
    <subfield code="a">UOE</subfield>
    <subfield code="b">UOE</subfield>
    <subfield code="c">SHO</subfield>
    <subfield code="d">2014-10-21</subfield>
    <subfield code="l">2</subfield>
    <subfield code="o">QC157 .S9 1985</subfield>
    <subfield code="p">10025760</subfield>
    <subfield code="r">2026-04-27 09:30:38</subfield>
    <subfield code="s">2018-01-12</subfield>
    <subfield code="t">10025760</subfield>
    <subfield code="w">2014-10-21</subfield>
    <subfield code="y">SL2</subfield>
  </datafield>
  <datafield tag="952" ind1=" " ind2=" ">
    <subfield code="0">0</subfield>
    <subfield code="1">0</subfield>
    <subfield code="2">lcc</subfield>
    <subfield code="4">0</subfield>
    <subfield code="7">0</subfield>
    <subfield code="a">UOE</subfield>
    <subfield code="b">UOE</subfield>
    <subfield code="c">SHO</subfield>
    <subfield code="d">2014-10-21</subfield>
    <subfield code="l">1</subfield>
    <subfield code="o">QC157 .S9 1985</subfield>
    <subfield code="p">10044613</subfield>
    <subfield code="r">2026-04-27 09:30:38</subfield>
    <subfield code="s">2017-09-20</subfield>
    <subfield code="t">10044613</subfield>
    <subfield code="w">2014-10-21</subfield>
    <subfield code="y">SL2</subfield>
  </datafield>
  <datafield tag="952" ind1=" " ind2=" ">
    <subfield code="0">0</subfield>
    <subfield code="1">0</subfield>
    <subfield code="2">lcc</subfield>
    <subfield code="4">0</subfield>
    <subfield code="7">0</subfield>
    <subfield code="a">UOE</subfield>
    <subfield code="b">UOE</subfield>
    <subfield code="c">SHO</subfield>
    <subfield code="d">2014-10-21</subfield>
    <subfield code="l">0</subfield>
    <subfield code="o">QC157 .S9 1985</subfield>
    <subfield code="p">10044614</subfield>
    <subfield code="r">2026-04-27 09:30:38</subfield>
    <subfield code="t">10044614</subfield>
    <subfield code="w">2014-10-21</subfield>
    <subfield code="y">SL2</subfield>
  </datafield>
  <datafield tag="952" ind1=" " ind2=" ">
    <subfield code="0">0</subfield>
    <subfield code="1">0</subfield>
    <subfield code="2">lcc</subfield>
    <subfield code="4">0</subfield>
    <subfield code="7">0</subfield>
    <subfield code="a">UOE</subfield>
    <subfield code="b">UOE</subfield>
    <subfield code="c">SHO</subfield>
    <subfield code="d">2014-10-21</subfield>
    <subfield code="l">4</subfield>
    <subfield code="o">QC157 .S9 1985</subfield>
    <subfield code="p">10025761</subfield>
    <subfield code="r">2026-04-27 09:30:38</subfield>
    <subfield code="s">2018-01-12</subfield>
    <subfield code="t">10025761</subfield>
    <subfield code="w">2014-10-21</subfield>
    <subfield code="y">SL2</subfield>
  </datafield>
  <datafield tag="952" ind1=" " ind2=" ">
    <subfield code="0">0</subfield>
    <subfield code="1">0</subfield>
    <subfield code="2">lcc</subfield>
    <subfield code="4">0</subfield>
    <subfield code="7">0</subfield>
    <subfield code="a">UOE</subfield>
    <subfield code="b">UOE</subfield>
    <subfield code="c">SHO</subfield>
    <subfield code="d">2015-05-08</subfield>
    <subfield code="l">3</subfield>
    <subfield code="o">QC157 .S9 1985</subfield>
    <subfield code="p">10025759</subfield>
    <subfield code="r">2026-04-27 09:30:38</subfield>
    <subfield code="s">2017-10-06</subfield>
    <subfield code="t">10025759</subfield>
    <subfield code="w">2015-05-08</subfield>
    <subfield code="y">SL2</subfield>
  </datafield>
</record>
